عرض عادي
عرض مارك
- Bruckner, Reinhard,
مدخل إسم شخص
001 - رقم الضبط
- حقل الضبط: 17182
003 - معرف رقم الضبط
- حقل الضبط: OSt
005 - تاريخ ووقت أخر عملية
- حقل الضبط: 20120917223053.0
008 - عناصر بيانات ثابتة الطول
- حقل تحكم ثابت الطول: 120917|||a|||||| | ||| d
040 ## - مصدر الفهرسة
- هيئة الفهرسة الأصلية: OSt
- وكالة الكتابة: OSt
100 ## - مدخل -- أسم شخص
- إسم شخص: Bruckner, Reinhard,
- تواريخ مرتبطة بالاسم: 1955-
670 ## - بيانات المصدر موجوده
- الاستشهاد بالمصدر: Work cat.: (OSt)0: Bruckner, Reinhard, 1955-, Organic mechanisms, c2010.
